Welcome to WEB OPAC of MRSPTU Central Library

Vigyan Geeta (ਵਿਗਿਆਨ ਗੀਤਾ) (Record no. 9915)

MARC details
000 -LEADER
fixed length control field 00417nam a22001217a 4500
003 - CONTROL NUMBER IDENTIFIER
control field OSt
005 - DATE AND TIME OF LATEST TRANSACTION
control field 20240320123345.0
008 - FIXED-LENGTH DATA ELEMENTS--GENERAL INFORMATION
fixed length control field 240320b |||||||| |||| 00| 0 eng d
040 ## - CATALOGING SOURCE
Transcribing agency Central Library MRSPTU
100 ## - MAIN ENTRY--PERSONAL NAME
Personal name Baldev Raj Davar and Megh Raj Mitar (ਬਲਦੇਵ ਰਾਜ ਡਾਵਰ ਅਤੇ ਮੇਘ ਰਾਜ ਮਿਤਰ)
245 ## - TITLE STATEMENT
Title Vigyan Geeta (ਵਿਗਿਆਨ ਗੀਤਾ)
942 ## - ADDED ENTRY ELEMENTS (KOHA)
Source of classification or shelving scheme Dewey Decimal Classification
Koha item type Book
Suppress in OPAC No
Holdings
Withdrawn status Lost status Source of classification or shelving scheme Damaged status Not for loan Collection Home library Current library Date acquired Total checkouts Barcode Date last seen Price effective from Koha item type
    Dewey Decimal Classification     BK MRSPTU Central Library MRSPTU Central Library 03/20/2024   G-77 03/20/2024 03/20/2024 Book

Website Designed and Developed by MRSPTU Central Library Team

E-mail Id: librarian@mrsptu.ac.in